| 000 | 00717nam a2200229 i 4500 | ||
|---|---|---|---|
| 001 | bg | ||
| 100 | 1 | _aROGALA, Elżbieta | |
| 245 | 1 | 0 |
_aVat '97 : _bujednolicone teksty aktów prawnych według stanu na 1 kwietnia 1997 roku wraz z komentarzem / _cElżbieta Rogala. |
| 260 |
_aWarszawa : _bDifin, _c1997. |
||
| 300 |
_a164 s. ; _c21 cm. |
||
| 490 | 1 |
_aVademecum Podatnika ; _v83 |
|
| 650 | 9 |
_aPodatek od towarów i usług _xprawo _zPolska _ystan na 1997 r. |
|
| 655 | _aPoradniki | ||
| 830 | _aVademecum Podatnika ; | ||
| 020 | _a8387173088 | ||
| 040 | _cBPK | ||
| 041 | 0 | _apl | |
| 080 | _a342.951:351.72:336.2VAT](438) | ||
| 920 | _a83-87173-08-8 | ||
| 942 | _cKS | ||
| 008 | s pl f |000 0 pol | ||
| 999 |
_c32307 _d32307 |
||